000
00299nam a22001337a 4500
003
SGT
082
_a
618.2
_b
N03S
100
_a
SMITH,ROGER P
245
_a
NETTER'S OBST. ,GYNECOLOGY AND WOMEN'S HEALTH
250
_a
2ND
260
_a
JERSEY
_b
ICON LEARNING
_c
2003
300
_a
290
942
_2
ddc
_c
BK
999
_c
14033
_d
14033